Tilastot visalle Pohjois-Amerikan Valtiot - Aakkosjärjestyksessä

Klikkaa tästä pelataksesi tätä visaa!

Yleistilastot

  • Tätä visaa on pelattu 75 kertaa
  • Keskiarvotulos 17 / 23

Vastaukset kartalla

Vastauksille on annettu kartalla punavihreä väri sen mukaan, kuinka moni on saanut sen oikein.
Ladataan ...
 

Vastaustilastot

Valtio% Oikein
Antigua ja Barbuda
95%
Bahama
95%
Barbados
90%
Belize
83%
Costa Rica
83%
Jamaika
79%
Honduras
76%
Haiti
76%
Dominikaaninen
tasavalta
76%
El Salvador
76%
Guatemala
74%
Dominica
74%
Kanada
74%
Grenada
71%
Kuuba
71%
Nicaragua
71%
Panama
71%
Yhdysvallat
71%
Meksiko
69%
Saint Kitts ja Nevis
67%
Saint Lucia
66%
Trinidad ja Tobago
66%
Saint Vincent ja
Grenadiinit
62%

Tulosjakauma

Persentiili vastausten määrän mukaan

Jokaisen tuloksen saaneiden osuus

Tuloshistoriasi

Et ole pelannut tätä visaa